[Event "Let's Play Chess!"]
[Site "http://www.queenalice.com/game.php?id=1867525"]
[Date "2026.1.4"]
[Round "-"]
[White "alterego"]
[Black "harvir"]
[Result "1/2-1/2"]
[WhiteElo "1586"]
[BlackElo "1919"]

1. d4 d5 2. g3 Nf6 3. Bg2 e6 4. a3 c5 5. Nf3 Nc6 6. c3 Be7 7. Qa4 O-O 8. b4 cxd4
9. cxd4 Qb6 10. Bd2 Nxd4 11. Be3 Bd7 12. Qd1 Nxf3+ 13. Bxf3 Qa6 14. O-O Bxb4 15.
Qb3 Bd6 16. Bd4 e5 17. Bc3 d4 18. Bxb7 Qxe2 19. Bxa8 Rxa8 20. Re1 Qf3 21. Nd2
Qxc3 22. Qb7 Bc6 23. Qa6 Qxd2 24. Qxc6 Ng4 25. Qxa8+ Bf8 26. Qf3 Qg5 27. Rab1
Qh5 28. Qg2 d3 29. f3 Bc5+ 30. Kh1 Nxh2 31. Qxh2 Qxf3+ 32. Qg2 Qh5+ 1/2-1/2

[Event "Let's Play Chess!"]
[Site "http://www.queenalice.com/game.php?id=1867737"]
[Date "2026.1.9"]
[Round "-"]
[White "harvir"]
[Black "alow_proton"]
[Result "1-0"]
[WhiteElo "1840"]
[BlackElo "2133"]

1. Nf3 d5 2. d4 Nf6 3. c4 c6 4. Nc3 e6 5. Bg5 Be7 6. e3 O-O 7. Bd3 Ne8 8. Bxe7
Qxe7 9. O-O Nd7 10. cxd5 cxd5 11. Rc1 a6 12. Na4 b5 13. Nc5 Nd6 14. Qe2 Rd8 15.
Nxd7 Qxd7 16. Ne5 Qb7 17. Rc5 Bd7 18. Qc2 Rdc8 19. Bxh7+ Kh8 20. Bd3 Be8 21. Rc1
Rxc5 22. dxc5 Nc4 23. Nf3 a5 24. Qe2 f6 25. b3 Na3 26. Nd4 e5 27. c6 Qb6 28.
Nxb5 Nxb5 29. Bxb5 Rc8 30. h3 Bxc6 31. Bxc6 Rxc6 32. Qh5+ Kg8 33. Qe8+ Kh7 34.
Rxc6 Qb4 35. Qh5+ 1-0

[Event "Let's Play Chess!"]
[Site "http://www.queenalice.com/game.php?id=1867738"]
[Date "2026.1.9"]
[Round "-"]
[White "alow_proton"]
[Black "harvir"]
[Result "0-1"]
[WhiteElo "2049"]
[BlackElo "1896"]

1. e4 c6 2. d4 d5 3. e5 c5 4. c3 Nc6 5. Be3 Bf5 6. Nf3 e6 7. Bd3 Bxd3 8. Qxd3
Qb6 9. Qd2 cxd4 10. cxd4 Bb4 11. Nc3 Qa6 12. Qe2 Bxc3+ 13. bxc3 Qxe2+ 14. Kxe2
Na5 15. Nd2 Rc8 16. Rhc1 Ne7 17. g4 Kd7 18. Rab1 b6 19. Rc2 Rc7 20. f3 Rhc8 21.
Rbc1 Nc4 22. Nxc4 Rxc4 23. Kd3 b5 24. Rb2 a6 25. Bd2 Nc6 26. a3 Nxd4 27. cxd4
Rxc1 28. Bxc1 Rxc1 29. Rc2 Rxc2 30. Kxc2 g5 31. Kb3 a5 32. Kc3 Ke7 33. Kd3 f6
34. exf6+ Kxf6 35. Ke3 e5 36. Kd3 Ke6 37. Ke3 exd4+ 38. Kxd4 Kd6 39. h3 h6 40.
f4 gxf4 41. h4 b4 42. axb4 axb4 43. g5 h5 44. g6 Ke6 45. g7 Kf7 46. Kxd5 f3 0-1

[Event "AUTO-OPEN-4595"]
[Site "http://www.queenalice.com/game.php?id=1868340"]
[Date "2026.1.22"]
[Round "2"]
[White "chessman"]
[Black "harvir"]
[Result "0-1"]
[WhiteElo "2133"]
[BlackElo "1879"]

1. e4 e5 2. Nf3 Nc6 3. Bb5 a6 4. Bxc6 dxc6 5. Nxe5 Qd4 6. Nf3 Qxe4+ 7. Qe2 Nf6
8. Qxe4+ Nxe4 9. O-O Nf6 10. Re1+ Be7 11. d4 Be6 12. Nc3 O-O 13. Be3 Rad8 14.
Rad1 Nd5 15. Nxd5 cxd5 16. c3 h6 17. Ne5 Bd6 18. h3 Bxe5 19. dxe5 b6 20. f4 c5
21. Kh2 h5 22. b4 d4 23. cxd4 cxb4 24. Rc1 Bxa2 25. Rc6 Rb8 26. d5 b3 27. Rxb6
b2 28. Rxa6 b1=Q 29. Rxb1 Bxb1 30. d6 Bf5 31. Bf2 Rb4 32. Bc5 Rxf4 33. Kg3 Re4
0-1

[Event "AUTO-OPEN-4595"]
[Site "http://www.queenalice.com/game.php?id=1868341"]
[Date "2026.1.22"]
[Round "2"]
[White "harvir"]
[Black "chessman"]
[Result "1-0"]
[WhiteElo "1980"]
[BlackElo "2070"]

1. c4 c6 2. d4 d5 3. Nf3 Nf6 4. a3 e6 5. Bg5 Be7 6. e3 O-O 7. h3 Qa5+ 8. Nc3 Rd8
9. b4 Qc7 10. Ne5 Nbd7 11. Bf4 a6 12. Nxf7 Qb6 13. Nxd8 Qxd8 14. c5 Nf8 15. Qc2
Ng6 16. Bg3 Bd7 17. Bd3 Nf8 18. Na4 Be8 19. O-O N6d7 20. e4 dxe4 21. Bxe4 Nf6
22. Nb6 Rb8 23. Bd3 Nd5 24. Nc4 Bf6 25. Bxb8 Qxb8 26. Rad1 Bxd4 27. Bxh7+ Nxh7
28. Nd6 Bf6 29. Nxe8 Qxe8 30. Rfe1 Qd7 31. Rd3 Nf8 32. Rg3 Qf7 33. Rf3 Nh7 34.
Rg3 Nf8 35. Re4 Qh5 36. Reg4 Ne7 37. Qd3 Nf5 38. Rf3 Ng6 39. Qd7 Nf8 40. Qxb7
Ng6 41. Qc8+ Kh7 42. Qxe6 Nh6 43. Qxc6 Nxg4 44. hxg4 Qe5 45. Qxa6 Qe1+ 46. Qf1
Qe5 47. Qb1 Qd4 48. Rh3+ 1-0

[Event "AUTO-OPEN-4595"]
[Site "http://www.queenalice.com/game.php?id=1868351"]
[Date "2026.1.22"]
[Round "2"]
[White "MysticTime"]
[Black "harvir"]
[Result "1-0"]
[WhiteElo "2239"]
[BlackElo "1898"]

1. c4 Nf6 2. Nc3 e5 3. g3 c6 4. Bg2 d6 5. d3 Be7 6. Bg5 O-O 7. e3 a6 8. Nge2 Qc7
9. O-O Be6 10. f4 Nbd7 11. f5 Bxf5 12. Rxf5 Ng4 13. Bh3 Bxg5 14. Rxg5 Nxe3 15.
Qd2 Nxc4 16. dxc4 h6 17. Rh5 Nf6 18. Rh4 Rae8 19. Rf1 Kh7 20. Rxf6 gxf6 21.
Qxh6+ Kg8 22. Qh8# 1-0

[Event "AUTO-OPEN-4595"]
[Site "http://www.queenalice.com/game.php?id=1868352"]
[Date "2026.1.22"]
[Round "2"]
[White "harvir"]
[Black "Zero007"]
[Result "0-1"]
[WhiteElo "1842"]
[BlackElo "2157"]

1. d4 d5 2. Nf3 Nf6 3. e3 e6 4. Bd3 c5 5. dxc5 Bxc5 6. O-O O-O 7. Nc3 a6 8. a3
b5 9. b4 Bd6 10. Bb2 e5 11. Be2 Bb7 12. Rc1 Nbd7 13. Re1 Qc7 14. Kh1 Rfe8 15. h3
Rac8 16. Ng1 d4 17. exd4 exd4 18. Nb1 Bf4 19. Nd2 Qb6 20. Ngf3 d3 21. cxd3 Qxf2
22. Rxc8 Rxc8 23. Bd4 Qg3 24. Nf1 Qg6 25. Ne3 Nd5 26. Nxd5 Bxd5 27. Qa1 Nf6 28.
Bxf6 Bxf3 29. Bxf3 gxf6 30. Be4 Qg3 31. Kg1 Be3+ 32. Rxe3 Qxe3+ 33. Kh2 Qf4+ 34.
Kh1 Rc1+ 0-1

[Event "AUTO-OPEN-4595"]
[Site "http://www.queenalice.com/game.php?id=1868353"]
[Date "2026.1.22"]
[Round "2"]
[White "Zero007"]
[Black "harvir"]
[Result "0-1"]
[WhiteElo "2165"]
[BlackElo "1942"]

1. e4 c5 2. Nf3 Nc6 3. Bc4 e6 4. d4 cxd4 5. Nxd4 g6 6. O-O Bg7 7. Nb5 Be5 8.
Nd6+ Bxd6 9. Qxd6 Qe7 10. e5 Qxd6 11. exd6 Nf6 12. Nc3 Nd4 13. Bh6 Nf5 14. Bf4
Nh5 15. Bd2 O-O 16. g4 Nd4 17. Kg2 Ng7 18. Rac1 a6 19. Bh6 b5 20. Bd3 Bb7+ 21.
f3 Rfc8 22. a3 Ne8 23. Bf4 f6 24. a4 e5 25. Bg3 Nxd6 26. Be4 Bc6 27. Bxc6 Rxc6
28. Rf2 b4 29. Nd5 Nc4 30. Ne7+ Kf7 31. Nxc6 dxc6 32. f4 e4 33. b3 Ne3+ 34. Kh3
Rd8 35. Rd2 c5 36. Bf2 Nd5 37. Bg3 h5 38. gxh5 gxh5 39. Bh4 Nxf4+ 0-1

[Event "Let's Play Chess!"]
[Site "http://www.queenalice.com/game.php?id=1868737"]
[Date "2026.2.3"]
[Round "-"]
[White "alow_proton"]
[Black "harvir"]
[Result "1/2-1/2"]
[WhiteElo "2094"]
[BlackElo "1902"]

1. e4 e6 2. d4 d5 3. e5 c5 4. c3 Nc6 5. Nf3 Bd7 6. Be2 Qb6 7. O-O h6 8. a3 c4 9.
Nbd2 Nge7 10. b4 a6 11. Nh4 g5 12. Nhf3 Ng6 13. a4 a5 14. b5 Nce7 15. Ne1 Nf5
16. Ndf3 Be7 17. Kh1 O-O-O 18. Ng1 Rdg8 19. Bh5 Be8 20. Nh3 Qd8 21. Ba3 Bxa3 22.
Rxa3 Qe7 23. Ra2 Nf4 24. Nxf4 gxf4 25. Qc1 Qg5 26. Qd1 Ng7 27. Be2 h5 28. Nf3
Qh6 29. Qc1 Nf5 30. Rg1 Rg7 31. g3 fxg3 32. Qxh6 Rxh6 33. fxg3 Ne3 34. Nh4 f6
35. Nf3 Ng4 36. exf6 Rxf6 37. Bd1 Kc7 38. h3 Ne3 39. Ne5 Nxd1 40. Rxd1 Rxg3 41.
Rc2 Rxh3+ 42. Kg2 Rh4 43. Kg3 Re4 44. Rdd2 Bg6 45. Nxg6 Rg4+ 46. Kh3 Rgxg6 47.
Rg2 Kd6 48. Rxg6 Rxg6 49. Re2 Rg4 50. Rf2 Re4 51. Rf3 b6 52. Kg3 Rg4+ 53. Kh3
Re4 54. Kg3 Rg4+ 55. Kh2 Re4 56. Kg3 1/2-1/2

[Event "Let's Play Chess!"]
[Site "http://www.queenalice.com/game.php?id=1868738"]
[Date "2026.2.3"]
[Round "-"]
[White "harvir"]
[Black "alow_proton"]
[Result "1-0"]
[WhiteElo "1816"]
[BlackElo "2066"]

1. Nc3 d5 2. d4 Nf6 3. Bf4 e6 4. Nb5 Bd6 5. Nxd6+ cxd6 6. Nf3 O-O 7. Qd3 a6 8.
O-O-O h6 9. h3 b5 10. g4 Ne4 11. Rh2 Nc6 12. a3 b4 13. axb4 Nxb4 14. Qa3 a5 15.
c3 Qc7 16. Kb1 Nc6 17. h4 e5 18. Be3 Kh7 19. dxe5 Bxg4 20. exd6 Nxd6 21. Rxd5
Nc4 22. Qc5 Nxe3 23. Qxe3 Be6 24. Rc5 g6 25. Ne5 Bd7 26. Bg2 Ra6 27. h5 Bf5+ 28.
Ka1 Qd6 29. hxg6+ fxg6 30. Qxh6+ 1-0

[Event "AUTO-OPEN-4609"]
[Site "http://www.queenalice.com/game.php?id=1870573"]
[Date "2026.3.14"]
[Round "2"]
[White "MarcosT"]
[Black "harvir"]
[Result "1-0"]
[WhiteElo "2101"]
[BlackElo "1896"]

1. d4 Nf6 2. e3 d5 3. c3 Nc6 4. f4 Bf5 5. Nd2 Qd7 6. Ngf3 Ne4 7. Bd3 e6 8. O-O
Be7 9. Ne5 Qd8 10. g4 Nxd2 11. Qxd2 Bxd3 12. Qxd3 1-0

[Event "AUTO-OPEN-4601"]
[Site "http://www.queenalice.com/game.php?id=1871319"]
[Date "2026.4.2"]
[Round "2"]
[White "chessman"]
[Black "harvir"]
[Result "0-1"]
[WhiteElo "2121"]
[BlackElo "1957"]

1. e4 c5 2. Nf3 Nc6 3. Bc4 e6 4. O-O d5 5. exd5 exd5 6. Re1+ Be7 7. Bb5 Nf6 8.
Ne5 Qb6 9. Nxc6 bxc6 10. Be2 O-O 11. c3 c4 12. d4 cxd3 13. Bxd3 Bc5 14. Qc2 Bg4
15. Bg5 Ne4 16. Bxe4 dxe4 17. Be3 f5 18. Bxc5 Qxc5 19. Nd2 Rab8 20. Nb3 Qd6 21.
Rad1 Bxd1 22. Rxd1 Qe5 23. Re1 a5 24. Nxa5 Qxa5 0-1

[Event "AUTO-OPEN-4601"]
[Site "http://www.queenalice.com/game.php?id=1871333"]
[Date "2026.4.2"]
[Round "2"]
[White "harvir"]
[Black "BeatifulDevil56"]
[Result "1-0"]
[WhiteElo "1921"]
[BlackElo "2058"]

1. d4 d5 2. c4 dxc4 3. Nc3 Nf6 4. e4 c5 5. d5 Nbd7 6. Bxc4 a6 7. a4 a5 8. Bb5 b6
9. e5 Ba6 10. exf6 Bxb5 11. fxg7 Bxg7 12. Nxb5 Nf6 13. Ne2 1-0

[Event "AUTO-OPEN-4601"]
[Site "http://www.queenalice.com/game.php?id=1871334"]
[Date "2026.4.2"]
[Round "2"]
[White "BeatifulDevil56"]
[Black "harvir"]
[Result "0-1"]
[WhiteElo "2187"]
[BlackElo "1905"]

1. c4 Nf6 2. Nf3 e6 3. d3 d5 4. cxd5 exd5 5. d4 Be7 6. Bd2 O-O 7. e3 Nc6 8. Bb5
Bd7 9. Nc3 a6 10. Bd3 Bg4 11. Be2 Bb4 12. h3 Bh5 13. g4 Bg6 0-1